Gares sur la ligne de Pau à Canfranc - Statistiques

Statistiques générales
  • Ce quiz a été pris 11 fois
  • Le résultat moyen est 9 sur 10
Statistiques - réponses
Gare % Correct
Bedous
100%
Oloron-Sainte-Marie
100%
Pau
100%
Gan
90%
Bidos
80%
La Croix-du-Prince
80%
Lurbe-Saint-Christau
80%
Ogeu-les-Bains
80%
Sarrance
80%
Buzy-en-Béarn
60%
Aucun quiz correspondant
Distribution des résultats
% des personnes avec chaque résultat
Percentile par nombre de réponses
Votre historique - résultats
Vous n’avez pas pris ce quiz